[Event "Catalunya-chT Gp2"]
[Site "Barcelona"]
[Date "2020.01.18"]
[Round "1.1"]
[White "Edouard, Romain"]
[Black "Campos Moreno, Javier B"]
[Result "1/2-1/2"]
[WhiteElo "2640"]
[BlackElo "2406"]
[PlyCount "29"]
[EventDate "2020.01.18"]
[EventType "team-tourn"]
[EventRounds "7"]
[EventCountry "ESP"]
[SourceTitle "CBM 194 Extra"]
[Source "ChessBase"]
[SourceDate "2020.03.31"]
[SourceVersion "1"]
[SourceVersionDate "2020.03.31"]
[SourceQuality "1"]
[WhiteTeam "Valls"]
[BlackTeam "Figueres"]
[WhiteTeamCountry "ESP"]
[BlackTeamCountry "ESP"]

1. d4 Nf6 2. c4 e6 3. Nc3 Bb4 4. Nf3 c5 5. g3 Ne4 6. Bd2 Bxc3 7. Bxc3 Nxc3 8. bxc3 0-0 9. Bg2 Nc6 10. 0-0 d6 11. Rb1 Qe7 12. Ne1 Qc7 13. Nd3 b6 14. Nb2 Ba6 15. Qc2 1/2-1/2

[Event "Miquel Mas op 20th"]
[Site "Castell de Sant Ferran"]
[Date "2019.08.17"]
[Round "6"]
[White "Campos Moreno, Javier B"]
[Black "Careta Torras, Antoni"]
[Result "1-0"]
[WhiteElo "2425"]
[BlackElo "1948"]
[PlyCount "65"]
[EventDate "2019.08.13"]
[EventType "swiss"]
[EventRounds "9"]
[EventCountry "ESP"]
[SourceTitle "EXT 2020"]
[Source "ChessBase"]
[SourceDate "2019.10.17"]
[SourceVersion "1"]
[SourceVersionDate "2019.10.17"]
[SourceQuality "1"]

1. Nf3 Nf6 2. d4 g6 3. c4 Bg7 4. Nc3 0-0 5. e4 d6 6. Be2 c5 7. 0-0 Na6 8. b3 Bg4 9. Bb2 Rb8 10. Rb1 cxd4 11. Nxd4 Bxe2 12. Qxe2 Nb4 13. Rfd1 Qa5 14. Nd5 Nbxd5 15. exd5 Rfe8 16. a3 a6 17. Nc2 Qc7 18. Rbc1 e6 19. dxe6 Rxe6 20. Qf3 Nd7 21. Bxg7 Kxg7 22. Qc3+ Kg8 23. Ne3 b5 24. Nd5 Qa7 25. cxb5 Nc5 26. b6 Rxb6 27. Nxb6 Qxb6 28. b4 Ne4 29. Qd4 Qxd4 30. Rxd4 Nc3 31. Kf1 Nb5 32. Rd3 Kg7 33. a4 1-0

[Event "Catalunya-chT GpB final"]
[Site "Barcelona"]
[Date "2019.03.16"]
[Round "2.2"]
[White "Campos Moreno, Javier B"]
[Black "Escuder Vilaltella, Jordi"]
[Result "0-1"]
[WhiteElo "2430"]
[BlackElo "2271"]
[PlyCount "76"]
[EventDate "2019.03.09"]
[EventType "team-tourn"]
[EventRounds "4"]
[EventCountry "ESP"]
[SourceTitle "EXT 2020"]
[Source "ChessBase"]
[SourceDate "2019.10.17"]
[SourceVersion "1"]
[SourceVersionDate "2019.10.17"]
[SourceQuality "1"]
[WhiteTeam "Figueres"]
[BlackTeam "Tres Peons"]
[WhiteTeamCountry "ESP"]
[BlackTeamCountry "ESP"]

1. d4 d5 2. c4 e6 3. Nf3 c6 4. e3 Nf6 5. Bd3 Nbd7 6. 0-0 Bd6 7. Nc3 0-0 8. e4 dxc4 9. Bxc4 e5 10. Bg5 Qe7 11. d5 h6 12. Bh4 Rd8 13. Qc2 Nf8 14. Rfe1 g5 15. Bg3 Ng6 16. Nd2 h5 17. h3 h4 18. Bh2 g4 19. hxg4 Nxg4 20. Be2 Nxh2 21. Kxh2 Nf4 22. Bf1 Qf6 23. Nc4 Bc5 24. Ne3 Bd4 25. Rad1 c5 26. Rd2 Kh8 27. Qd1 Rg8 28. Qf3 Qg5 29. d6 Be6 30. Red1 Rad8 31. Nf5 Bxf5 32. exf5 Qxf5 33. Qxb7 Rxd6 34. Ne2 Rdg6 35. Nxf4 Qxf4+ 36. Kh1 Bxf2 37. Rd8 Bd4 38. Rxg8+ Rxg8 0-1

[Event "Catalunya-chT Gp1"]
[Site "Barcelona"]
[Date "2019.02.23"]
[Round "6.1"]
[White "Barbero Sendic, Alejandro"]
[Black "Campos Moreno, Javier B"]
[Result "0-1"]
[WhiteElo "2361"]
[BlackElo "2430"]
[PlyCount "55"]
[EventDate "2019.01.19"]
[EventType "team-tourn"]
[EventRounds "7"]
[EventCountry "ESP"]
[SourceTitle "CBM 189 Extra"]
[Source "ChessBase"]
[SourceDate "2019.05.31"]
[SourceVersion "1"]
[SourceVersionDate "2019.05.31"]
[SourceQuality "1"]
[WhiteTeam "Lleida"]
[BlackTeam "Figueres"]
[WhiteTeamCountry "ESP"]
[BlackTeamCountry "ESP"]

1. e4 e5 2. Nf3 Nf6 3. Bc4 Bc5 4. 0-0 Nc6 5. d3 d6 6. c3 a6 7. a4 Ba7 8. Re1 0-0 9. h3 Ne7 10. Bb3 Ng6 11. d4 c6 12. Nbd2 Qc7 13. Nf1 exd4 14. cxd4 d5 15. Ng3 dxe4 16. Ng5 Nd5 17. N3xe4 h6 18. Nf3 Be6 19. Bd2 Rad8 20. Qc2 Rfe8 21. Rad1 Ndf4 22. Nc5 Bxb3 23. Nxb3 Nd5 24. Nc5 Bxc5 25. Qxc5 Qd7 26. Ba5 Rb8 27. Qa7 Ra8 28. Qc5 0-1

[Event "Catalunya-chT Gp1"]
[Site "Barcelona"]
[Date "2019.01.19"]
[Round "1.2"]
[White "Campos Moreno, Javier B"]
[Black "Prie, Eric"]
[Result "1/2-1/2"]
[WhiteElo "2430"]
[BlackElo "2459"]
[PlyCount "63"]
[EventDate "2019.01.19"]
[EventType "team-tourn"]
[EventRounds "7"]
[EventCountry "ESP"]
[SourceTitle "CBM 188 Extra"]
[Source "ChessBase"]
[SourceDate "2019.02.28"]
[SourceVersion "1"]
[SourceVersionDate "2019.02.28"]
[SourceQuality "1"]
[WhiteTeam "Figueres"]
[BlackTeam "Gerunda"]
[WhiteTeamCountry "ESP"]
[BlackTeamCountry "ESP"]

1. d4 Nf6 2. c4 c5 3. d5 b5 4. cxb5 a6 5. bxa6 g6 6. Nc3 Bg7 7. e4 0-0 8. Nf3 Qa5 9. Nd2 Bxa6 10. Be2 e6 11. 0-0 exd5 12. exd5 Bxe2 13. Qxe2 Re8 14. Qf3 Qb4 15. a3 Qh4 16. g3 Qh3 17. Nde4 Nxe4 18. Nxe4 Re5 19. Bf4 Rh5 20. Qg2 Qxg2+ 21. Kxg2 Rxd5 22. Rfd1 Rxd1 23. Rxd1 Nc6 24. Rd2 c4 25. Nd6 c3 26. bxc3 Bxc3 27. Rd3 Be5 28. Bxe5 Nxe5 29. Re3 Ra6 30. f4 Nc6 31. Rd3 Kf8 32. Ne4 1/2-1/2

[Event "Catalunya-chT GpB final"]
[Site "Barcelona"]
[Date "2018.04.14"]
[Round "4.1"]
[White "Alonso Rosell, Alvar"]
[Black "Campos Moreno, Javier B"]
[Result "1-0"]
[WhiteElo "2496"]
[BlackElo "2415"]
[PlyCount "99"]
[EventDate "2018.03.10"]
[EventType "team-tourn"]
[EventRounds "4"]
[EventCountry "ESP"]
[SourceTitle "EXT 2019"]
[Source "ChessBase"]
[SourceDate "2018.10.10"]
[SourceVersion "1"]
[SourceVersionDate "2018.10.10"]
[SourceQuality "1"]
[WhiteTeam "Gerunda"]
[BlackTeam "Olot"]
[WhiteTeamCountry "ESP"]
[BlackTeamCountry "ESP"]

1. d4 Nf6 2. Nf3 e6 3. e3 c5 4. Bd3 d5 5. b3 Be7 6. 0-0 0-0 7. Nbd2 Nc6 8. Bb2 b6 9. c4 cxd4 10. exd4 Bb7 11. Rc1 Rc8 12. Qe2 Re8 13. Rfd1 Bf8 14. Nf1 g6 15. Ne3 Bg7 16. Qe1 Qe7 17. Be2 Red8 18. c5 Ne4 19. cxb6 axb6 20. Rc2 Ng5 21. Nxg5 Qxg5 22. Qd2 h5 23. g3 h4 24. Rdc1 hxg3 25. hxg3 e5 26. dxe5 d4 27. Ng4 Qxd2 28. Rxd2 Nxe5 29. Rxc8 Rxc8 30. Nxe5 Bxe5 31. f4 Bg7 32. Bxd4 Bxd4+ 33. Rxd4 Rc2 34. Bc4 Bc6 35. Rd6 Be4 36. a4 Rg2+ 37. Kf1 Rxg3 38. Rxb6 Rf3+ 39. Ke2 Rxf4 40. Ke3 g5 41. Rb5 Rg4 42. Be2 Rg2 43. Bf1 Rg4 44. Be2 Rg2 45. Kxe4 Rxe2+ 46. Kf3 Rb2 47. Rxg5+ Kh7 48. Rb5 Kg6 49. a5 f5 50. Rb4 1-0